| 000 | 02523nam0a2200373 4500 | ||
|---|---|---|---|
| 001 | RU\NLR\BIBL_A\022337154 | ||
| 005 | 20260420015118.0 | ||
| 010 |
_a978-5-907724-75-4 _9500 |
||
| 021 |
_aRU _bКН-П-24-047868 _9КН-П-24-4761 |
||
| 035 | _a(NLR Aleph) 022337154 | ||
| 090 |
_a13665969 _c13665969 |
||
| 100 | _a20241001d2023 u y0rusy50 ca | ||
| 101 | 0 | _arus | |
| 102 | _aRU | ||
| 105 | _aa|||j|||000yy | ||
| 181 | 0 |
_ai _baxxe |
|
| 182 | 0 | _an | |
| 200 | 1 |
_aПравотворчество в сфере обеспечения безопасности _eучебное пособие _fА. А. Зозуля, С. Б. Немченко, Е. Ю. Одинокова _gМинистерство Российской Федерации по делам гражданской обороны, чрезвычайным ситуациям и ликвидации последствий стихийных бедствий, Санкт-Петербургский университет ГПС МЧС России им. Героя Российской Федерации генерала армии Е. Н. Зиничева |
|
| 203 |
_aТекст _bвизуальный _cнепосредственный |
||
| 210 |
_aСанкт-Петербург _cСанкт-Петербургский университет ГПС МЧС России _d2023 |
||
| 215 |
_a243 с. _cтабл. _d20 |
||
| 300 | _aВ вып. дан. авт.: канд. юрид. наук Зозуля А. А., канд. юрид. наук, доц. Немченко С. Б., канд. пед. наук Одинокова Е. Ю. | ||
| 320 | _aБиблиогр. в подстроч. примеч. | ||
| 606 | 1 |
_aПравотворчество _jУчебные издания для высших учебных заведений _yРоссийская Федерация _92077718 _3RU\NLR\AUTH\661253419 |
|
| 606 | 1 |
_aНациональная безопасность _jУчебные издания для высших учебных заведений _xОбеспечение _yРоссийская Федерация _92088713 _3RU\NLR\AUTH\661568018 |
|
| 686 | 1 | _aХ062.01я73 | |
| 686 | 1 | _aХ621.162я73 | |
| 700 | 1 |
_aЗозуля _bА. А. _gАлександр Александрович |
|
| 701 | 1 |
_aНемченко _bС. Б. _gСтанислав Борисович |
|
| 701 | 1 |
_aОдинокова _bЕ. Ю. _gЕлена Юрьевна |
|
| 942 | _cBOOK | ||
| 980 | _aNB | ||